000 00257nam a2200109Ia 4500
005 20251222141944.0
008 251222s9999||||xx |||||||||||||| ||spa||
082 _a336.343.5/F75
245 0 _aDeuda Externa:
264 _bForum Solidaridad PerĂº
942 _cLIB
999 _c9443
_d9443